1033 1959 1431 1815 1704 1009 1048 1905 1173 1887 1213 1661 1244 1622 1630 1821 1679 1897 1646 1026 1483 1174 1928 1058 1155 1733 1344 1168 1758 1369 1512 1051 1970 1302 1660 1966 1366 1673 1218 1394 1677 1744 1521 1609 1702 1667 1167 1406 1667 1752 1036 1468 1857 1696 1874 1449 1218 1571 1104 1018 1157 1020 1404 1460 1134 1397 1930 1574 1007 1861 1360 1431 1501 1317 1182 1411 1020 1663 1859 1496 1335 1164 1759 1050 1007 1648 1220 1946 1082 1327 1598 1603 1170 1042 1390 1022 1431 1991 1924 BCNSPRNW ULIB Ver.6.0+V

เปลี่ยนเป็นภาษาไทย

Change to English
 แสดงรายละเอียดบรรณานุกรม
  กลับหน้าหลัก

Brief Record : Get Marc (ISO 2709) : E-mail record : QR code < ปิดหน้าต่าง
LEADER : 00000nam 2200000uu 4500
001    13399123324
003     ULIB
008    140821s2013||||th 000 0 tha d
022    ^a9786161119133
050    ^aHN700.55^bB426R
100    ^aBoonchai Kijsanayotin
245    ^aReview of National civil Registration and vital Statistics Systems A Case study of Thailand
260    ^aPloy printing :^bNonthaburi,^c2013
300    ^a71 หน้า
500    ^aBureau of registration Administration Ministry of Interior Civil registration and vital statistics united Nations Economic and Social Commission for Asia and the Pacific International Statistical classification of diseases and related health problems Ministry of interior Ministry of interior Ministry of Public health National Health Security office World health organization
650    ^aReview of National
945    ^p0^l0^i034623
945    ^p0^l0^i034624
999    ^aเกษร โพธิ์สุวรรณ
รายการนี้ยังไม่มีแท็ก
คุณยังไม่ได้ล็อกอิน คุณสามารถมีกิจกรรมร่วมกับเว็บไซต์ได้ แต่ต้องล็อกอินก่อน ::
  ล็อกอิน

รายการสื่อสารสนเทศ

ลำดับที่ ประเภท เลขเรียก/บาร์โค้ด สถานที่ สถานะ
1. การศึกษาทั่วไป
หนังสือสำรอง
สถานะ=หนังสือสำรอง
HN700.55 B426R ฉ.1 
  Barcode: 034623
ห้องสมุดวิทยาเขตสวรรค์ประชารักษ์
►หนังสือทั่วไป
บนชั้น
2. การศึกษาทั่วไป
การศึกษาทั่วไป
HN700.55 B426R ฉ.2 
  Barcode: 034624
ห้องสมุดวิทยาเขตสวรรค์ประชารักษ์
►หนังสือทั่วไป
บนชั้น

BibComment


ยังไม่เคยถูกคอมเมนท์

คอมเมนท์ทรัพยากรรายการนี้
  คอมเมนท์: Review of Nation..


 Copyright 2026. Bcnsprnw @Library